ბათუმის შოთა რუსთაველის სახელმწიფო უნივერსიტეტის ბიბლიოთეკა

საპროექტო გადაწყვეტებთან დაკავშირებული არაორთოგონალური გაშლის ოპერატორების გამოთვლითი მდგრადობის ანალიზი (ბიბ.ჩანაწერი № 51632)

000 -LEADER
fixed length control field 01554nam a2200265Ia 4500
001 - CONTROL NUMBER
control field 18623
003 - CONTROL NUMBER IDENTIFIER
control field GE_BSU
008 - FIXED-LENGTH DATA ELEMENTS--GENERAL INFORMATION
fixed length control field 181216s||||||||xx |||||||||||||| ||und||
020 ## - INTERNATIONAL STANDARD BOOK NUMBER
International Standard Book Number 9789941144967
040 ## - CATALOGING SOURCE
Transcribing agency GE_BSU
080 ## - UNIVERSAL DECIMAL CLASSIFICATION NUMBER
Universal Decimal Classification number 629.391.3
100 ## - MAIN ENTRY--PERSONAL NAME
Personal name ელიზბარაშვილი, მ. ჭედია, ნ.
245 ## - TITLE STATEMENT
Title საპროექტო გადაწყვეტებთან დაკავშირებული არაორთოგონალური გაშლის ოპერატორების გამოთვლითი მდგრადობის ანალიზი
245 ## - TITLE STATEMENT
Remainder of title მონოგრაფია
250 ## - EDITION STATEMENT
Edition statement საქართველოს ტექნიკური უნივერსიტეტი
260 ## - PUBLICATION, DISTRIBUTION, ETC.
Place of publication, distribution, etc. თბილისი
260 ## - PUBLICATION, DISTRIBUTION, ETC.
Name of publisher, distributor, etc. ტექნიკური უნივერსიტეტი
260 ## - PUBLICATION, DISTRIBUTION, ETC.
Date of publication, distribution, etc. 2009
300 ## - PHYSICAL DESCRIPTION
Extent 164გვ.20სმ.
300 ## - PHYSICAL DESCRIPTION
Accompanying material ბიბლ.:გვ.156-161
653 ## - INDEX TERM--UNCONTROLLED
Uncontrolled term საპროექტო გადაწყვეტებთან დაკავშირებული არაორთოგონალური გაშლის ოპერატორების გამოთვლითი მდგრადობის ანალიზი
653 ## - INDEX TERM--UNCONTROLLED
Uncontrolled term სიგნალების ციფრული გადაცემა და დამუშავება
653 ## - INDEX TERM--UNCONTROLLED
Uncontrolled term ციფრული სისტემების აგება
942 ## - ADDED ENTRY ELEMENTS (KOHA)
Koha item type წიგნი
ეგზემპლარები
Withdrawn status Lost status Damaged status Not for loan Date acquired Barcode Date last seen Price effective from Koha item type
        2018-12-17 48155 2018-12-17 2018-12-17 წიგნი